LIBRARY & INFORMATION CENTRE, KCAET, TAVANUR

ONLINE PUBLIC ACCESS CATALOGUE (OPAC)

Local area networks: the next generation / (Record no. 9790)

MARC details
000 -LEADER
fixed length control field 00438cam a2200169ua 4500
020 ## - INTERNATIONAL STANDARD BOOK NUMBER
ISBN 0 471 52250 3
041 ## - LANGUAGE CODE
Language code of text/sound track or separate title eng
082 ## - DEWEY DECIMAL CLASSIFICATION NUMBER
Classification number 004.68
Item number MAD/LO
100 ## - MAIN ENTRY--AUTHOR NAME
Personal name Madron, Thomas W .
245 ## - TITLE STATEMENT
Title Local area networks: the next generation /
250 ## - EDITION STATEMENT
Edition statement 2 /
260 ## - PUBLICATION, DISTRIBUTION, ETC. (IMPRINT)
Place of publication London :
Name of publisher John Wiley & Sons ,
Year of publication 1990.
300 ## - PHYSICAL DESCRIPTION
Number of Pages 306 ; .
942 ## - ADDED ENTRY ELEMENTS (KOHA)
Koha item type Books
Holdings
Withdrawn status Lost status Damaged status Home library Current library Date acquired Full call number Accession Number Koha item type
      KAUAET KAUAET 07/04/2012 004.68 17743 Books
free website counter